000 00401nam a22001697a 4500
003 OSt
005 20260502123201.0
008 260502b |||||||| |||| 00| 0 eng d
020 _a9780143467533
082 _a954.92 MUM
100 _aMUKHERJEE,Rudrangshu
245 _aMangal Pandey
250 _a1st Ed
260 _aNew Delhi
_bPenguin Random House
_c2025
300 _a146p.
942 _2ddc
_cREF
999 _c13948
_d13948